<?xml version="1.0" encoding="UTF-8"?>
<record
    xmlns:xsi="http://www.w3.org/2001/XMLSchema-instance"
    xsi:schemaLocation="http://www.loc.gov/MARC21/slim http://www.loc.gov/standards/marcxml/schema/MARC21slim.xsd"
    xmlns="http://www.loc.gov/MARC21/slim">

  <leader>00655nam a22001937a 4500</leader>
  <controlfield tag="003">MN-UlNLM</controlfield>
  <controlfield tag="005">20210922153939.0</controlfield>
  <controlfield tag="008">210922t1978    rur||||| |||| 00| 0 rus d</controlfield>
  <datafield tag="040" ind1=" " ind2=" ">
    <subfield code="a">&#x41C;&#x43E;&#x43D;&#x433;&#x43E;&#x43B; &#x423;&#x43B;&#x441;&#x44B;&#x43D; &#x4AE;&#x43D;&#x434;&#x44D;&#x441;&#x43D;&#x438;&#x439; &#x43D;&#x43E;&#x43C;&#x44B;&#x43D; &#x441;&#x430;&#x43D;</subfield>
  </datafield>
  <datafield tag="084" ind1="1" ind2=" ">
    <subfield code="2">10-t</subfield>
    <subfield code="a">86</subfield>
    <subfield code="b">&#x41C; 266</subfield>
    <subfield code="q">84</subfield>
  </datafield>
  <datafield tag="100" ind1="1" ind2=" ">
    <subfield code="a">&#x413;&#x430;&#x440;&#x441;&#x438;&#x430; &#x41C;&#x430;&#x440;&#x43A;&#x435;&#x441; &#x413;. </subfield>
  </datafield>
  <datafield tag="245" ind1="1" ind2=" ">
    <subfield code="a">&#x41D;&#x435;&#x437;&#x430;&#x431;&#x44B;&#x432;&#x430;&#x435;&#x43C;&#x44B;&#x439; &#x434;&#x435;&#x43D;&#x44C; &#x432; &#x436;&#x438;&#x437;&#x43D;&#x438; &#x411;&#x430;&#x43B;&#x44C;&#x442;&#x430;&#x441;&#x430;&#x440;&#x430; </subfield>
    <subfield code="b">&#x420;&#x430;&#x441;&#x441;&#x43A;&#x430;&#x437;&#x44B;</subfield>
    <subfield code="c">&#x41F;&#x435;&#x440;. &#x441; &#x438;&#x441;&#x43F;. &#x420;. &#x420;&#x44B;&#x431;&#x43A;&#x438;&#x43D;&#x430;</subfield>
  </datafield>
  <datafield tag="260" ind1="1" ind2=" ">
    <subfield code="a">&#x41C;</subfield>
    <subfield code="b">&#x41F;&#x440;&#x430;&#x432;&#x434;&#x430;</subfield>
    <subfield code="c">1978</subfield>
  </datafield>
  <datafield tag="300" ind1=" " ind2=" ">
    <subfield code="a">47&#x441;</subfield>
    <subfield code="b">16 &#x441;&#x43C;.</subfield>
  </datafield>
  <datafield tag="546" ind1=" " ind2=" ">
    <subfield code="a">Russia</subfield>
  </datafield>
  <datafield tag="653" ind1=" " ind2=" ">
    <subfield code="a">&#x418;&#x441;&#x43F;&#x430;&#x43D;&#x438;&#x439;&#x43D; &#x443;&#x440;&#x430;&#x43D; &#x437;&#x43E;&#x445;&#x438;&#x43E;&#x43B; </subfield>
  </datafield>
  <datafield tag="856" ind1=" " ind2=" ">
    <subfield code="a">printbook</subfield>
  </datafield>
  <datafield tag="952" ind1=" " ind2=" ">
    <subfield code="0">0</subfield>
    <subfield code="1">0</subfield>
    <subfield code="4">0</subfield>
    <subfield code="6">297</subfield>
    <subfield code="7">0</subfield>
    <subfield code="8">UB0100000104</subfield>
    <subfield code="a">UB01000000</subfield>
    <subfield code="b">UB01000000</subfield>
    <subfield code="c">UB0100000104</subfield>
    <subfield code="d">2021-09-22</subfield>
    <subfield code="e">Soliltsoo</subfield>
    <subfield code="g">3.00</subfield>
    <subfield code="l">0</subfield>
    <subfield code="o">297</subfield>
    <subfield code="p">005050000297</subfield>
    <subfield code="r">2023-06-23</subfield>
    <subfield code="y">BK</subfield>
  </datafield>
  <datafield tag="999" ind1=" " ind2=" ">
    <subfield code="c">588971</subfield>
    <subfield code="d">589028</subfield>
  </datafield>
</record>
